000
00268nam a22001217a 4500
008
190304b xxu||||| |||| 00| 0 eng d
041
_a
eng
080
_a
821
100
_a
22
101
_a
GJL
245
_a
A Treasury for Word Lovers
_c
Freeman, M,S
942
_2
udc
_c
BK
999
_c
54432
_d
54432